[Event "1er Championnat Francophone"]
[Site "Hammamet "]
[Date "2010.04.25"]
[Round "8.2"]
[White "Jarraya, Zied"]
[Black "Gulbas, Cemil"]
[Result "0-1"]
[WhiteElo "2202"]
[BlackElo "2364"]
[PlyCount "128"]
[EventDate "2010.04.??"]
[EventType "tourn"]
[EventRounds "9"]
[EventCountry "TUN"]

1. e4 d6 2. d4 Nf6 3. Nc3 g6 4. Nf3 c6 5. a4 Bg7 6. h3 Qc7 7. Be3 O-O 8. Be2
Nbd7 9. O-O b6 10. Qd2 Bb7 11. Bh6 a6 12. Bxg7 Kxg7 13. Rfe1 e5 14. dxe5 dxe5
15. Rad1 b5 16. Qd6 Qxd6 17. Rxd6 Rfe8 18. Nd2 Nc5 19. axb5 cxb5 20. f3 Rac8
21. Nb3 Nxb3 22. cxb3 Rc7 23. Red1 Nh5 24. Kf2 Nf4 25. Bf1 Ne6 26. Rd7 Rec8 27.
b4 Kf8 28. Rxc7 Rxc7 29. Rc1 Nd4 30. Bd3 Bc8 31. Bb1 Be6 32. Ba2 Bc8 33. Ne2
Rc2 34. Rxc2 Nxc2 35. Nc1 Nxb4 36. Bb1 Bd7 37. Nb3 Ke7 38. Ke3 Kd6 39. f4 f6
40. fxe5+ fxe5 41. h4 Be6 42. Nc1 a5 43. Kd2 Kc5 44. Kc3 Bc4 45. b3 Bf1 46. g4
h6 47. g5 hxg5 48. hxg5 Nc6 49. Bd3 b4+ 50. Kd2 Bxd3 51. Kxd3 Nd8 52. Ke3 Nf7
53. Nd3+ Kb5 54. Ke2 a4 55. bxa4+ Kxa4 56. Kd2 Ka3 57. Kc2 b3+ 58. Kc3 Nxg5 59.
Nxe5 Nxe4+ 60. Kd4 Nd6 61. Nd3 b2 62. Nxb2 Kxb2 63. Ke5 Nf7+ 64. Kf6 g5 0-1

[Event "1er Championnat Francophone"]
[Site "Hammamet "]
[Date "2010.04.25"]
[Round "6.3"]
[White "Khlif, Ahmed"]
[Black "Eden, James"]
[Result "1-0"]
[WhiteElo "2056"]
[BlackElo "2047"]
[PlyCount "119"]
[EventDate "2010.04.??"]
[EventType "tourn"]
[EventRounds "9"]
[EventCountry "TUN"]

1. Nf3 d5 2. d4 Nf6 3. g3 c6 4. Bg2 Bf5 5. O-O e6 6. c4 h6 7. Nc3 Nbd7 8. Re1
Be7 9. c5 O-O 10. Bf4 Re8 11. h3 Ne4 12. g4 Nxc3 13. bxc3 Bh7 14. Bg3 Qa5 15.
Qc1 b6 16. cxb6 axb6 17. a4 c5 18. c4 cxd4 19. cxd5 Rac8 20. Qd1 Bb4 21. dxe6
fxe6 22. Nxd4 Bxe1 23. Qxe1 Qxe1+ 24. Rxe1 Nc5 25. Nb5 Re7 26. Rc1 e5 27. a5
Rb8 28. axb6 Ne4 29. Rc7 Kf8 30. Rxe7 Kxe7 31. Bxe4 Bxe4 32. Nc3 Ba8 33. Bxe5
Rxb6 34. Bxg7 Ra6 35. f3 Kf7 36. Bd4 Rd6 37. Be5 Re6 38. f4 Ra6 39. Nb5 Rb6 40.
Nd4 Rb1+ 41. Kf2 Rh1 42. Kg3 Rg1+ 43. Kh4 Rh1 44. Nf5 Kg6 45. Nd6 Bd5 46. e4
Bb3 47. f5+ Kh7 48. Kg3 Rg1+ 49. Kf2 Rh1 50. Bg3 Rc1 51. e5 Rc2+ 52. Ke3 Rc3+
53. Kf4 Bd5 54. e6 Rf3+ 55. Ke5 Bc6 56. Bf4 Rxh3 57. f6 Rh1 58. f7 Kg7 59. Nf5+
Kf8 60. Kf6 1-0

[Event "1er Championnat Francophone"]
[Site "Hammamet "]
[Date "2010.04.25"]
[Round "3.1"]
[White "Kirszenberg, Marc"]
[Black "Hautot, Stephane"]
[Result "0-1"]
[WhiteElo "2185"]
[BlackElo "2410"]
[PlyCount "116"]
[EventDate "2010.04.??"]
[EventType "tourn"]
[EventRounds "9"]
[EventCountry "TUN"]

1. d4 Nf6 2. c4 e6 3. Nc3 Bb4 4. f3 d5 5. a3 Bxc3+ 6. bxc3 c6 7. e4 h6 8. e5
Nfd7 9. f4 b6 10. Qg4 g6 11. Nf3 Ba6 12. Bd3 Nf8 13. O-O h5 14. Qg3 Bxc4 15.
Bxc4 dxc4 16. Ng5 Qd5 17. a4 Nh7 18. Nxh7 Rxh7 19. f5 exf5 20. Rxf5 h4 21. Qg4
Qe6 22. Rf4 Qxg4 23. Rxg4 h3 24. Ba3 Na6 25. e6 fxe6 26. Rxg6 Kd7 27. Rf1 hxg2
28. Rxg2 Nc7 29. Rgf2 Rg8+ 30. Kh1 Nd5 31. Rf7+ Rxf7 32. Rxf7+ Kc8 33. Bd6 a5
34. Bg3 Rg6 35. Kg2 b5 36. Kf3 Rf6+ 37. Rxf6 Nxf6 38. Ke2 Kd7 39. Kd1 Nd5 40.
Kc2 Ke7 41. Bh4+ Ke8 42. Be1 Nb6 43. axb5 cxb5 44. Bg3 Nd5 45. Bh4 b4 46. cxb4
axb4 47. Bg5 Kf7 48. Bd8 Kg6 49. h4 Kh5 50. Bg5 Kg4 51. Bd8 Ne3+ 52. Kb2 Nf5
53. Ba5 b3 54. Bc3 Nd6 55. Be1 Nf5 56. Bc3 Kxh4 57. Ka3 Kg4 58. Kb4 Ne3 0-1

[Event "1er Championnat Francophone"]
[Site "Hammamet "]
[Date "2010.04.25"]
[Round "7.2"]
[White "Gulbas, Cemil"]
[Black "Ouechtati, Mohamed"]
[Result "1/2-1/2"]
[WhiteElo "2364"]
[BlackElo "2249"]
[PlyCount "110"]
[EventDate "2010.04.??"]
[EventType "tourn"]
[EventRounds "9"]
[EventCountry "TUN"]

1. e4 Nf6 2. e5 Nd5 3. d4 d6 4. c4 Nb6 5. exd6 cxd6 6. Nc3 g6 7. Be3 Bg7 8. Rc1
O-O 9. b3 Nc6 10. d5 Ne5 11. Be2 f5 12. f4 Ng4 13. Bxg4 fxg4 14. Nge2 e5 15.
dxe6 Bxe6 16. O-O d5 17. c5 Nc8 18. Bd4 Bxd4+ 19. Nxd4 Bf5 20. Nxf5 Rxf5 21.
Qxg4 Qf6 22. Ne2 Ne7 23. Qf3 h5 24. Qe3 Qf7 25. Nd4 Rf6 26. g3 Rf8 27. Rfe1 Nf5
28. Nxf5 Rxf5 29. Qe7 g5 30. Qxf7+ R8xf7 31. fxg5 h4 32. gxh4 Rf4 33. Rc3 Rxh4
34. Rg3 Rc7 35. Rc1 Kg7 36. a3 a5 37. Kg2 Kg6 38. h3 Re4 39. Rd3 d4 40. Rg3
Re2+ 41. Kf1 Re4 42. b4 axb4 43. axb4 d3 44. Rxd3 Rxb4 45. Rd5 Rf7+ 46. Ke2
Rb2+ 47. Ke3 Rb3+ 48. Rd3 Rb4 49. Rg1 Re7+ 50. Kd2 Rc4 51. Rd5 Rc7 52. Rd6+ Kg7
53. Re1 R4xc5 54. h4 Rc2+ 55. Kd3 R2c3+ 1/2-1/2

[Event "1er Championnat Francophone"]
[Site "Hammamet "]
[Date "2010.04.25"]
[Round "5.23"]
[White "Matoussi, Amani"]
[Black "Strate, Wolfgang"]
[Result "0-1"]
[WhiteElo "1596"]
[BlackElo "1667"]
[PlyCount "106"]
[EventDate "2010.04.??"]
[EventType "tourn"]
[EventRounds "9"]
[EventCountry "TUN"]

1. e4 d5 2. exd5 Nf6 3. Nf3 Qxd5 4. Nc3 Qa5 5. d4 Ne4 6. Bd2 Nxd2 7. Qxd2 e6 8.
a3 c6 9. Be2 Nd7 10. O-O Bd6 11. Ne4 Qc7 12. Nxd6+ Qxd6 13. Rad1 O-O 14. Qg5 h6
15. Qe3 Nf6 16. Ne5 Nd5 17. Qe4 Nf6 18. Qh4 Qd5 19. Bd3 c5 20. Bc4 Qe4 21. Qxe4
Nxe4 22. dxc5 Nxc5 23. Rd4 a6 24. Be2 b5 25. b4 Na4 26. Bf3 Rb8 27. Rfd1 Bb7
28. Nd7 Bxf3 29. gxf3 Nc3 30. R1d2 Rbd8 31. R4d3 Nd5 32. Nxf8 Kxf8 33. f4 f5
34. a4 Rc8 35. axb5 axb5 36. Rd4 Rc3 37. Kg2 Ke7 38. Re2 Kf6 39. Red2 g6 40.
Kf1 g5 41. fxg5+ hxg5 42. Ke1 Ke5 43. Kd1 Rh3 44. c4 bxc4 45. Rxc4 Rb3 46. Re2+
Kd6 47. Rd2 Ke5 48. Rc6 Rb1+ 49. Ke2 Rxb4 50. Kf1 Rb1+ 51. Kg2 Re1 52. Rc5 Kf4
53. Rd4+ Re4 0-1

[Event "1er Championnat Francophone"]
[Site "Hammamet "]
[Date "2010.04.25"]
[Round "5.9"]
[White "Zaibi, Amir"]
[Black "Khlif, Ahmed"]
[Result "0-1"]
[WhiteElo "2147"]
[BlackElo "2056"]
[PlyCount "106"]
[EventDate "2010.04.??"]
[EventType "tourn"]
[EventRounds "9"]
[EventCountry "TUN"]

1. e3 Nf6 2. c4 c5 3. Nc3 e6 4. Nf3 b6 5. Be2 Bb7 6. O-O h5 7. d4 d5 8. cxd5
exd5 9. Ne5 Bd6 10. f4 a6 11. Qa4+ Kf8 12. Qb3 c4 13. Qc2 b5 14. a3 Nc6 15. Bd2
Na5 16. Be1 Nb3 17. Rd1 h4 18. Bf3 Rb8 19. Kh1 Qb6 20. Bf2 h3 21. g4 Bxe5 22.
fxe5 Ne4 23. Bxe4 dxe4 24. d5 Nc5 25. Rd4 Qg6 26. Bg3 Rd8 27. Rf4 Nd3 28. Qe2
Nxf4 29. exf4 f5 30. gxf5 Qxf5 31. Kg1 Rh6 32. Kf2 a5 33. Ke3 b4 34. axb4 axb4
35. Qxc4 bxc3 36. Qb4+ Kg8 37. Qxb7 c2 38. Rc4 Qg4 39. Rxc2 Qf3+ 40. Kd2 Qd3+
41. Kc1 Rxd5 42. Qc8+ Rd8 43. Qc4+ Kh7 44. Qxd3 exd3 45. Rd2 Rc6+ 46. Kb1 Kg6
47. Be1 Kf5 48. Rf2 Ra8 49. b4 Rac8 50. Bd2 Ke4 51. Kb2 Rc2+ 52. Kb3 Ra8 53. b5
Raa2 0-1

[Event "1er Championnat Francophone"]
[Site "Hammamet "]
[Date "2010.04.25"]
[Round "6.11"]
[White "Jemai, Akram"]
[Black "Caille, Vincent"]
[Result "1-0"]
[WhiteElo "2138"]
[BlackElo "1678"]
[PlyCount "103"]
[EventDate "2010.04.??"]
[EventType "tourn"]
[EventRounds "9"]
[EventCountry "TUN"]

1. d4 d5 2. c4 c6 3. Nf3 Nf6 4. Nc3 Nbd7 5. Bg5 Qa5 6. cxd5 cxd5 7. e3 e6 8.
Bd3 Bb4 9. O-O Bxc3 10. bxc3 Qxc3 11. Bxf6 Nxf6 12. Bb5+ Bd7 13. Qa4 Bxb5 14.
Qxb5+ Qc6 15. Qxc6+ bxc6 16. Ne5 c5 17. dxc5 Nd7 18. Nd3 Rc8 19. Rfc1 Ke7 20.
Rab1 Rc7 21. Kf1 Rhc8 22. a4 e5 23. c6 Rxc6 24. Rxc6 Rxc6 25. Rb7 a6 26. Nxe5
Rd6 27. Ra7 Ke6 28. Nxd7 Rxd7 29. Rxa6+ Ke5 30. Ke2 Rb7 31. Kf3 h5 32. h4 Kf5
33. a5 Rb4 34. g3 Rb7 35. Rb6 Ra7 36. a6 g6 37. Ke2 Ke5 38. Kd3 f6 39. f3 g5
40. f4+ gxf4 41. gxf4+ Kf5 42. Kd4 Re7 43. Kd3 Ra7 44. Rd6 Kg4 45. Rxf6 Kxh4
46. Rg6 Kh3 47. Kd4 Rd7 48. f5 h4 49. f6 Rd6 50. a7 Ra6 51. f7 Rxg6 52. f8=Q
1-0

[Event "1er Championnat Francophone"]
[Site "Hammamet "]
[Date "2010.04.25"]
[Round "8.3"]
[White "Ouechtati, Mohamed"]
[Black "Khlif, Ahmed"]
[Result "0-1"]
[WhiteElo "2249"]
[BlackElo "2056"]
[PlyCount "103"]
[EventDate "2010.04.??"]
[EventType "tourn"]
[EventRounds "9"]
[EventCountry "TUN"]

1. d4 d5 2. Nf3 Nf6 3. c4 e6 4. Nc3 c6 5. e3 Be7 6. Qc2 O-O 7. Be2 dxc4 8. Bxc4
b5 9. Be2 Bb7 10. O-O Nbd7 11. Rd1 Rc8 12. e4 b4 13. e5 bxc3 14. exf6 Nxf6 15.
bxc3 c5 16. c4 Bxf3 17. Bxf3 cxd4 18. Bf4 Rc5 19. Rab1 e5 20. Bg3 Qc8 21. Qe2
Re8 22. Bh4 Qa6 23. Bxf6 gxf6 24. Be4 Bf8 25. Qh5 h6 26. Rb3 Bg7 27. Rb7 Qxc4
28. Qf5 Qe6 29. Qh5 d3 30. h3 Rd8 31. Rxd3 Rxd3 32. Bxd3 e4 33. Qxc5 exd3 34.
Qd4 Qe1+ 35. Kh2 f5 36. Qe3 d2 37. Rd7 d1=Q 38. Rxd1 Qxd1 39. Qxa7 Be5+ 40. g3
f4 41. Qa8+ Kg7 42. Qe4 fxg3+ 43. Kg2 Qd4 44. Qxd4 Bxd4 45. fxg3 Kf6 46. Kf3
Ke5 47. g4 h5 48. a4 h4 49. a5 Ba7 50. a6 f6 51. Kg2 Ke4 52. Kh2 0-1

[Event "1er Championnat Francophone"]
[Site "Hammamet "]
[Date "2010.04.25"]
[Round "8.6"]
[White "Kaabi, Mejdi"]
[Black "Eden, James"]
[Result "1-0"]
[WhiteElo "2315"]
[BlackElo "2047"]
[PlyCount "101"]
[EventDate "2010.04.??"]
[EventType "tourn"]
[EventRounds "9"]
[EventCountry "TUN"]

1. d4 d5 2. c4 c6 3. Nf3 Nf6 4. Nc3 dxc4 5. a4 Bg4 6. Ne5 Bh5 7. g3 e6 8. Bg2
Nbd7 9. Nxc4 Bb4 10. O-O O-O 11. h3 Qe7 12. g4 Bg6 13. Qb3 a5 14. Bf4 Nd5 15.
Bg3 Qf6 16. e3 h5 17. f4 hxg4 18. hxg4 Bd3 19. Nxd5 exd5 20. Qxd3 dxc4 21. Qxc4
Rfe8 22. Rf3 Qg6 23. g5 Nb6 24. Qb3 Nd5 25. Bf2 Rad8 26. Rd1 Rd7 27. Rg3 Rdd8
28. Bf3 Re7 29. Qd3 Qxd3 30. Rxd3 g6 31. Rg4 Nb6 32. b3 c5 33. e4 c4 34. bxc4
Nxc4 35. Bg2 b5 36. Rh3 Rc7 37. axb5 a4 38. b6 Nxb6 39. f5 Kf8 40. fxg6 fxg6
41. Rf4+ Kg7 42. Rfh4 Rf7 43. d5 Rxf2 44. Rh7+ Kf8 45. Kxf2 Re8 46. Rb7 Kg8 47.
Rh6 a3 48. Rxg6+ Kf8 49. Rgxb6 Bc5+ 50. Kg3 Re7 51. Rf6+ 1-0

[Event "1er Championnat Francophone"]
[Site "Hammamet "]
[Date "2010.04.25"]
[Round "7.12"]
[White "Zaibi, Amir"]
[Black "Grobelny, Fabrice"]
[Result "1-0"]
[WhiteElo "2147"]
[BlackElo "1972"]
[PlyCount "101"]
[EventDate "2010.04.??"]
[EventType "tourn"]
[EventRounds "9"]
[EventCountry "TUN"]

1. e4 c5 2. Nf3 d6 3. d4 cxd4 4. Nxd4 Nf6 5. Nc3 g6 6. f3 Bg7 7. Be3 O-O 8. Qd2
Nc6 9. O-O-O d5 10. Nxc6 bxc6 11. exd5 cxd5 12. Nxd5 Nxd5 13. Qxd5 Qc7 14. Qc5
Qb7 15. Bd4 Bf5 16. Bd3 Rfc8 17. Qa3 Bxd4 18. Bxf5 Bxb2+ 19. Qxb2 Qxb2+ 20.
Kxb2 gxf5 21. Rd7 Kf8 22. Re1 e6 23. Re3 Ke8 24. Rb7 Rd8 25. Rc3 Rd7 26. Rcc7
Rxc7 27. Rxc7 Rd8 28. Rxa7 Rd2 29. Ra8+ Ke7 30. Rg8 e5 31. Kc3 Rd6 32. a4 e4
33. fxe4 fxe4 34. Rg3 Ke6 35. Re3 Ke5 36. Re2 f5 37. a5 f4 38. Kc4 e3 39. Kb5
Rd2 40. a6 Rxe2 41. a7 Rxg2 42. a8=Q Rxh2 43. c4 Kf5 44. Qd5+ Kg4 45. c5 Kg3
46. Qe4 e2 47. c6 f3 48. Qe5+ Kg2 49. c7 Rh1 50. c8=Q e1=Q 51. Qg4+ 1-0

[Event "1er Championnat Francophone"]
[Site "Hammamet "]
[Date "2010.04.25"]
[Round "2.4"]
[White "Eden, James"]
[Black "Adrian, Claude"]
[Result "0-1"]
[WhiteElo "2047"]
[BlackElo "2303"]
[PlyCount "100"]
[EventDate "2010.04.??"]
[EventType "tourn"]
[EventRounds "9"]
[EventCountry "TUN"]

1. e4 e6 2. d4 d5 3. Nc3 Bb4 4. e5 c5 5. Bd2 Ne7 6. Nb5 Bxd2+ 7. Qxd2 O-O 8.
dxc5 Nd7 9. Qc3 f6 10. Nf3 fxe5 11. Nxe5 Nxe5 12. Qxe5 Nc6 13. Qe3 d4 14. Qd2
Qd5 15. f3 Qxc5 16. c3 e5 17. Rc1 Qe7 18. Bc4+ Kh8 19. O-O a6 20. Na3 Bf5 21.
Bd3 Rad8 22. Bxf5 Rxf5 23. Rfe1 Qh4 24. Re4 Qf6 25. Nc2 h6 26. Rce1 Rg5 27. Kh1
Qg6 28. g3 Qf7 29. Kg2 Qxa2 30. h4 Rg6 31. cxd4 Qxb2 32. R4e2 Rgd6 33. Qd3 Nxd4
34. Nxd4 Qxd4 35. Qb3 Qd5 36. Qc3 Rf6 37. g4 Qd3 38. Qxd3 Rxd3 39. Rf2 Rd5 40.
Kg3 Kh7 41. g5 hxg5 42. hxg5 Rf4 43. Rb2 b5 44. Ra2 Ra4 45. Rxa4 bxa4 46. Re3
Kg6 47. Re4 Ra5 48. f4 a3 49. Re1 a2 50. Ra1 Ra3+ 0-1

[Event "1er Championnat Francophone"]
[Site "Hammamet "]
[Date "2010.04.25"]
[Round "2.5"]
[White "Amdouni, Zoubaier"]
[Black "Lesbros, Bernard"]
[Result "1-0"]
[WhiteElo "2257"]
[BlackElo "2026"]
[PlyCount "97"]
[EventDate "2010.04.??"]
[EventType "tourn"]
[EventRounds "9"]
[EventCountry "TUN"]

1. e4 c5 2. Nf3 d6 3. d4 cxd4 4. Nxd4 Nf6 5. Nc3 g6 6. Bg5 Bg7 7. Qd2 Nc6 8.
O-O-O Nxd4 9. Qxd4 O-O 10. Qd2 Be6 11. Bh6 Qa5 12. Bxg7 Kxg7 13. a3 Rfc8 14.
Bd3 Rc5 15. Ne2 Qa4 16. Qb4 Qd7 17. Qd4 Rac8 18. f4 Bg4 19. Rd2 Qe6 20. Kb1 Rc4
21. f5 Rxd4 22. fxe6 Bxe2 23. Rxe2 fxe6 24. Rhe1 Nd7 25. Bb5 Ne5 26. c3 Rdc4
27. Bxc4 Rxc4 28. Kc2 b5 29. Rd1 Rc8 30. b3 Rf8 31. Ra1 a5 32. a4 Rb8 33. axb5
Rxb5 34. h3 Nc6 35. Rf2 Re5 36. Ra4 d5 37. Kd3 Rg5 38. Re2 Rg3+ 39. Kc2 Kf6 40.
Kb2 Ke5 41. exd5+ Kxd5 42. Rae4 e5 43. R4e3 Rg5 44. g4 h5 45. Re4 hxg4 46. hxg4
e6 47. Rc4 e4 48. Rd2+ Ke5 49. Rc5+ 1-0

[Event "1er Championnat Francophone"]
[Site "Hammamet "]
[Date "2010.04.25"]
[Round "8.4"]
[White "Flear, Christine"]
[Black "Boudriga, Med Ali"]
[Result "0-1"]
[WhiteElo "2154"]
[BlackElo "2138"]
[PlyCount "94"]
[EventDate "2010.04.??"]
[EventType "tourn"]
[EventRounds "9"]
[EventCountry "TUN"]

1. d4 d5 2. c4 c6 3. e3 Nf6 4. Nc3 e6 5. Nf3 Nbd7 6. Bd3 dxc4 7. Bxc4 b5 8. Bb3
Bb7 9. O-O Bd6 10. Qe2 b4 11. Na4 O-O 12. e4 e5 13. Rd1 Qc7 14. Bg5 Rae8 15.
Bxf6 Nxf6 16. dxe5 Bxe5 17. Nc5 Bc8 18. Qc4 Bg4 19. Na6 Qa5 20. Nxe5 Bxd1 21.
Rxd1 Qxe5 22. Nxb4 Ng4 23. g3 Qh5 24. h4 Ne5 25. Qc3 Nf3+ 26. Kg2 Nxh4+ 27.
gxh4 Qg4+ 28. Kf1 Qxe4 29. Qxc6 Qe2+ 30. Kg2 Qg4+ 31. Kf1 Re6 32. Bxe6 Qxd1+
33. Kg2 fxe6 34. Qxe6+ Kh8 35. Qe4 Qd2 36. Nd3 Rd8 37. Nf4 Qxb2 38. Ne6 Re8 39.
Qc6 Qb8 40. Qd7 Rg8 41. Ng5 h6 42. Nf7+ Kh7 43. h5 Qf4 44. a4 Rf8 45. Qd3+ Kg8
46. Nd6 Qxf2+ 47. Kh1 Qf3+ 0-1

[Event "1er Championnat Francophone"]
[Site "Hammamet "]
[Date "2010.04.25"]
[Round "6.9"]
[White "Jarraya, Zied"]
[Black "Matoussi, Amina"]
[Result "1-0"]
[WhiteElo "2202"]
[BlackElo "1774"]
[PlyCount "93"]
[EventDate "2010.04.??"]
[EventType "tourn"]
[EventRounds "9"]
[EventCountry "TUN"]

1. e4 d6 2. d4 Nf6 3. Nc3 g6 4. Be3 Bg7 5. f3 O-O 6. Qd2 e5 7. Nge2 Nbd7 8.
O-O-O a6 9. Bh6 b5 10. Bxg7 Kxg7 11. h4 h5 12. dxe5 dxe5 13. g3 Bb7 14. Bh3 Nb6
15. Qg5 Qe8 16. g4 Nh7 17. Qe3 Nc4 18. Qc5 hxg4 19. Bxg4 Qc6 20. Qxc6 Bxc6 21.
Bd7 Bb7 22. b3 Nb6 23. Bh3 Rad8 24. Rdg1 Nf6 25. Ng3 Rh8 26. Nd1 Kf8 27. Bf1
Nh5 28. Nxh5 Rxh5 29. Rg5 Rxg5 30. hxg5 Kg7 31. Ne3 Bc8 32. Rh4 Rh8 33. Rxh8
Kxh8 34. c4 c6 35. Kc2 b4 36. c5 Na8 37. Nc4 Kg7 38. Nxe5 Bb7 39. Bc4 f6 40.
gxf6+ Kxf6 41. f4 Nc7 42. Kd3 g5 43. Ng4+ Kg6 44. f5+ Kh5 45. f6 Kg6 46. f7 Kg7
47. Nf6 1-0

[Event "1er Championnat Francophone"]
[Site "Hammamet "]
[Date "2010.04.25"]
[Round "5.7"]
[White "Kirszenberg, Marc"]
[Black "Flear, Christine"]
[Result "1/2-1/2"]
[WhiteElo "2185"]
[BlackElo "2154"]
[PlyCount "93"]
[EventDate "2010.04.??"]
[EventType "tourn"]
[EventRounds "9"]
[EventCountry "TUN"]

1. d4 Nf6 2. c4 e6 3. Nc3 Bb4 4. f3 d5 5. a3 Bxc3+ 6. bxc3 c5 7. cxd5 exd5 8.
e3 O-O 9. Bd3 b6 10. Ne2 Re8 11. O-O Ba6 12. Ng3 Bxd3 13. Qxd3 Nc6 14. Ra2 Qd7
15. Re2 Rad8 16. Rd1 h6 17. Bb2 cxd4 18. cxd4 Na5 19. e4 Qa4 20. e5 Nh7 21. f4
Rc8 22. Nf5 Nc4 23. Rf1 Rc6 24. Qf3 Nxb2 25. Rxb2 g6 26. Nxh6+ Kg7 27. Rb4 Qc2
28. Ng4 Rc3 29. Qxd5 Qe2 30. h3 Rg3 31. Nf2 Qe3 32. Qe4 Qxa3 33. d5 Nf8 34. Ra4
Qc5 35. Rxa7 Re3 36. Qa4 b5 37. Qa6 Qxd5 38. Qf6+ Kg8 39. Ng4 Rxh3 40. Rxf7
Qxf7 41. gxh3 Qa7+ 42. Rf2 Rc8 43. Nh6+ Kh7 44. Qf7+ Qxf7 45. Nxf7 b4 46. Ng5+
Kg7 47. Ra2 1/2-1/2

[Event "1er Championnat Francophone"]
[Site "Hammamet "]
[Date "2010.04.25"]
[Round "4.3"]
[White "Zaibi, Amir"]
[Black "Adrian, Claude"]
[Result "0-1"]
[WhiteElo "2147"]
[BlackElo "2303"]
[PlyCount "92"]
[EventDate "2010.04.??"]
[EventType "tourn"]
[EventRounds "9"]
[EventCountry "TUN"]

1. e4 e6 2. d4 d5 3. e5 c5 4. c3 Qb6 5. Nf3 Nc6 6. Bd3 cxd4 7. cxd4 Bd7 8. O-O
Nxd4 9. Nxd4 Qxd4 10. Nc3 Qxe5 11. Re1 Qb8 12. Nxd5 Bd6 13. Qg4 Kf8 14. Bd2 h5
15. Qh3 Bc6 16. Nb4 Nf6 17. Nxc6 bxc6 18. Qf3 Ng4 19. h3 Ne5 20. Rxe5 Bxe5 21.
Qxc6 Qd8 22. Rd1 Rc8 23. Qa6 g6 24. Re1 Bf6 25. Ba5 Rc7 26. b4 Kg7 27. a4 Bd4
28. Bxc7 Qxc7 29. Rf1 Rd8 30. Qc4 Qd7 31. Qc2 Rc8 32. Qd1 Rc3 33. Be2 e5 34. a5
Ra3 35. Qb1 Qd5 36. Bf3 Rxf3 37. gxf3 Qxf3 38. b5 Qg3+ 39. Kh1 Qxh3+ 40. Kg1
Qg3+ 41. Kh1 Qf3+ 42. Kg1 e4 43. b6 axb6 44. axb6 Qg3+ 45. Kh1 Qh3+ 46. Kg1 Be5
0-1

[Event "1er Championnat Francophone"]
[Site "Hammamet "]
[Date "2010.04.25"]
[Round "8.9"]
[White "Ben Nasr, Sami"]
[Black "Maisuradze, Nino"]
[Result "0-1"]
[WhiteElo "2034"]
[BlackElo "2254"]
[PlyCount "83"]
[EventDate "2010.04.??"]
[EventType "tourn"]
[EventRounds "9"]
[EventCountry "TUN"]

1. e4 c5 2. Nc3 Nc6 3. Nf3 e5 4. Bc4 d6 5. d3 h6 6. O-O g6 7. Ne1 Bg7 8. f4 Nf6
9. Nf3 a6 10. a4 O-O 11. h3 Kh7 12. fxe5 dxe5 13. Be3 Qe7 14. Qd2 b6 15. Rae1
Nd4 16. Nd5 Nxd5 17. Bxd5 Rb8 18. c3 Ne6 19. d4 f6 20. Re2 exd4 21. cxd4 Rd8
22. Qc2 cxd4 23. Nxd4 Nxd4 24. Bxd4 Be6 25. Bxe6 Rxd4 26. Bd5 Re8 27. Rd2 Qb4
28. Rfd1 Rxd2 29. Rxd2 f5 30. Re2 Qd4+ 31. Kh1 f4 32. Qd2 Qxa4 33. b3 Qa1+ 34.
Re1 Qe5 35. Rf1 Rf8 36. Rf3 Qa1+ 37. Kh2 Bd4 38. Rf2 Bxf2 39. Qxf2 Qf6 40. Qc2
Qd6 41. Kg1 Qc5+ 42. Qf2 0-1

[Event "1er Championnat Francophone"]
[Site "Hammamet "]
[Date "2010.04.25"]
[Round "3.2"]
[White "Gulbas, Cemil"]
[Black "Mossong, Hubert"]
[Result "1-0"]
[WhiteElo "2364"]
[BlackElo "2162"]
[PlyCount "83"]
[EventDate "2010.04.??"]
[EventType "tourn"]
[EventRounds "9"]
[EventCountry "TUN"]

1. d4 d6 2. e4 Nf6 3. Nc3 c6 4. f4 Qa5 5. Bd3 e5 6. Nf3 Bg4 7. Be3 Nbd7 8. Qd2
Be7 9. O-O-O Bxf3 10. gxf3 O-O-O 11. Rhg1 g6 12. Qf2 exf4 13. Bxf4 Nh5 14. Bd2
Qc7 15. f4 Ndf6 16. Rde1 Rhe8 17. d5 c5 18. Nb5 Qb8 19. a4 Bf8 20. a5 a6 21.
Na3 Nd7 22. Nc4 Bg7 23. Re2 Qc7 24. Rge1 f6 25. Qf3 Kb8 26. Rg1 Nf8 27. c3 Qf7
28. Kc2 Re7 29. Ree1 Bh6 30. Rb1 Rc7 31. b4 f5 32. exf5 gxf5 33. b5 axb5 34.
Rxb5 Nf6 35. Qh3 Qh5 36. Rg3 Qxh3 37. Rxh3 Bg7 38. Ne3 Ng6 39. Nxf5 Nxd5 40.
Rxh7 Bh8 41. Rxc7 Nxc7 42. Rb1 {Tim} 1-0

[Event "1er Championnat Francophone"]
[Site "Hammamet "]
[Date "2010.04.25"]
[Round "4.6"]
[White "Jose Queralto, Daniel"]
[Black "Harovelo, Ingmar"]
[Result "0-1"]
[WhiteElo "2089"]
[BlackElo "2203"]
[PlyCount "82"]
[EventDate "2010.04.??"]
[EventType "tourn"]
[EventRounds "9"]
[EventCountry "TUN"]

1. e4 c5 2. Nf3 d6 3. d4 cxd4 4. Nxd4 Nf6 5. f3 e5 6. Nb3 Be6 7. Nc3 Be7 8. Be3
O-O 9. Qd2 a5 10. a4 Na6 11. Nd5 Nb4 12. Bb6 Qd7 13. Bb5 Nc6 14. Nxa5 Bd8 15.
Bxd8 Raxd8 16. Nxc6 bxc6 17. Bxc6 Qa7 18. Qf2 Qa6 19. Bb5 Qb7 20. Nxf6+ gxf6
21. O-O f5 22. exf5 Bxf5 23. Rfd1 Kh8 24. b3 d5 25. Bd3 Be6 26. Qe3 f6 27. a5
Rg8 28. Kh1 Qg7 29. Qe2 f5 30. Bb5 e4 31. c4 d4 32. fxe4 d3 33. Qf3 fxe4 34.
Qxe4 d2 35. h3 Bf5 36. Qf3 Rd3 37. Qe2 Re3 38. Qxd2 Be4 39. Qd4 Rxh3+ 40. Kg1
Qxd4+ 41. Rxd4 Rxg2+ 0-1

[Event "1er Championnat Francophone"]
[Site "Hammamet "]
[Date "2010.04.25"]
[Round "6.1"]
[White "Harovelo, Ingmar"]
[Black "Gulbas, Cemil"]
[Result "1/2-1/2"]
[WhiteElo "2203"]
[BlackElo "2364"]
[PlyCount "79"]
[EventDate "2010.04.??"]
[EventType "tourn"]
[EventRounds "9"]
[EventCountry "TUN"]

1. d4 Nf6 2. c4 e6 3. Nf3 d5 4. g3 a6 5. Qc2 dxc4 6. Qxc4 b5 7. Qc2 Bb7 8. Bg2
Be4 9. Qd1 Nbd7 10. O-O c5 11. a4 c4 12. Bg5 Bb4 13. axb5 axb5 14. Nc3 Bxc3 15.
bxc3 Nb6 16. Ne5 Bxg2 17. Kxg2 Qd5+ 18. f3 Nfd7 19. e4 Qb7 20. Nxd7 Kxd7 21.
Qb1 Na4 22. Qb4 f6 23. Bf4 Qa6 24. Rfb1 g5 25. Bd2 Rab8 26. e5 fxe5 27. Bxg5
exd4 28. Bf6 Rhe8 29. Bxd4 e5 30. Be3 Qc6 31. Rd1+ Kc7 32. Ra2 Rbd8 33. Rad2
Rd3 34. Rxd3 cxd3 35. Rxd3 e4 36. Bf4+ Kb7 37. fxe4 Rxe4 38. Rd7+ Kc8 39. Rc7+
Qxc7 40. Qxe4 1/2-1/2

[Event "1er Championnat Francophone"]
[Site "Hammamet "]
[Date "2010.04.25"]
[Round "8.7"]
[White "Jemai, Akram"]
[Black "Adrian, Claude"]
[Result "1-0"]
[WhiteElo "2138"]
[BlackElo "2303"]
[PlyCount "80"]
[EventDate "2010.04.??"]
[EventType "tourn"]
[EventRounds "9"]
[EventCountry "TUN"]

1. e4 e6 2. d4 d5 3. Nc3 Bb4 4. e5 c5 5. a3 Bxc3+ 6. bxc3 Qa5 7. Bd2 Qa4 8. Qb1
c4 9. Nf3 Nc6 10. h4 Nge7 11. h5 h6 12. Qd1 Bd7 13. g3 O-O-O 14. Bh3 Rdf8 15.
Ra2 g5 16. Qe2 f5 17. exf6 Rxf6 18. Nh2 Nf5 19. Be3 Nd6 20. Ng4 Rf7 21. O-O Ne4
22. Bd2 Qa5 23. Qe3 Qc7 24. Bg2 Nf6 25. Nxf6 Rxf6 26. Raa1 Rhf8 27. Qe2 Nd8 28.
f4 Nf7 29. fxg5 Nxg5 30. Bxg5 hxg5 31. Rxf6 Rxf6 32. Qe3 Qd8 33. Rf1 Ba4 34.
Qe5 Rxf1+ 35. Bxf1 Bxc2 36. Bh3 Bf5 37. Bxf5 exf5 38. Qxf5+ Kc7 39. h6 Kb6 40.
h7 Qc7 1-0

[Event "1er Championnat Francophone"]
[Site "Hammamet "]
[Date "2010.04.25"]
[Round "5.4"]
[White "Kaabi, Mejdi"]
[Black "Jemai, Akram"]
[Result "1-0"]
[WhiteElo "2315"]
[BlackElo "2138"]
[PlyCount "79"]
[EventDate "2010.04.??"]
[EventType "tourn"]
[EventRounds "9"]
[EventCountry "TUN"]

1. d4 d5 2. Nf3 Nf6 3. c4 c6 4. Nc3 e6 5. Bg5 dxc4 6. a4 a6 7. e4 b5 8. e5 h6
9. Bh4 g5 10. Nxg5 hxg5 11. Bxg5 Nbd7 12. exf6 Bb7 13. g3 c5 14. d5 Qb6 15. Bg2
b4 16. a5 Qd6 17. Ne4 Qxd5 18. Nd6+ Qxd6 19. Qxd6 Bxd6 20. Bxb7 Ra7 21. Bc6 Be5
22. O-O-O Bd4 23. Be3 Bxe3+ 24. fxe3 Kd8 25. h4 Kc8 26. Bxd7+ Rxd7 27. Rxd7
Kxd7 28. g4 e5 29. e4 Ke6 30. g5 Rg8 31. Kd2 Rd8+ 32. Ke2 Rd4 33. Kf3 Rd3+ 34.
Kf2 Rd2+ 35. Kg3 Rxb2 36. h5 Rd2 37. Rf1 c3 38. g6 c2 39. g7 Rd1 40. g8=Q 1-0